Optique physiologique / (Record no. 155228)
[ view plain ]
| 000 -LEADER | |
|---|---|
| campo de control de longitud fija | 00787nam a22002055i 4500 |
| 001 - NÚMERO DE CONTROL | |
| campo de control | 155228 |
| 003 - IDENTIFICADOR DE NÚMERO DE CONTROL | |
| campo de control | ES-MaACL |
| 005 - FECHA Y HORA DE LA ÚLTIMA TRANSACCIÓN | |
| campo de control | 20250930063133.0 |
| 008 - DATOS DE LONGITUD FIJA--INFORMACIÓN GENERAL | |
| campo de control de longitud fija | 991203s1867 fr a |||| | fre d |
| 040 ## - FUENTE DE CATALOGACIÓN | |
| Centro catalogador/agencia de origen | LR |
| Lengua de catalogación | spa |
| Centro/agencia transcriptor | LR |
| 100 1# - ENTRADA PRINCIPAL--NOMBRE DE PERSONA | |
| Nombre de persona | Helmholtz, Hermann von, |
| Fechas asociadas al nombre | 1821-1894 |
| 9 (RLIN) | 62470 |
| 245 10 - MENCIÓN DEL TÍTULO | |
| Título | Optique physiologique / |
| Mención de responsabilidad, etc. | par H. Helmholtz ; traduite par Emile Javal et N. Th. Klein ; avec 213 figures dans le texte et un atlas de 11 planches. |
| 260 ## - PUBLICACIÓN, DISTRIBUCIÓN, ETC. | |
| Lugar de publicación, distribución, etc. | Paris : |
| Nombre del editor, distribuidor, etc. | Victor Masson et fils, |
| Fecha de publicación, distribución, etc. | 1867 ( |
| Fabricante | Imprimerie de E. Martinet) |
| 300 ## - DESCRIPCIÓN FÍSICA | |
| Extensión | XI, 1057 p., XI h. de lám. : |
| Otras características físicas | il. |
| 700 11 - ENTRADA AGREGADA--NOMBRE PERSONAL | |
| Nombre de persona | Javal, Emile, |
| Término indicativo de función/relación | |
| 9 (RLIN) | 128283 |
| 700 11 - ENTRADA AGREGADA--NOMBRE PERSONAL | |
| Nombre de persona | Klein, Nephtaku Théodore, |
| Término indicativo de función/relación | |
| 9 (RLIN) | 128464 |
| 852 ## - LOCALIZACIÓN | |
| Ubicación | ES-MaACL |
| Número de control de estantería | G-9520 |
| Nota libre | -- Enc. hol. |
| Estatus retirado | Estado de pérdida | Estado de daño | No para préstamo | Colección | Biblioteca de origen | Biblioteca actual | Ubicación en estantería | Fecha de adquisición | Fuente de adquisición | Total de préstamos | Signatura topográfica completa | Código de barras | Visto por última vez | Precio de reemplazo | Tipo de ítem Koha |
|---|---|---|---|---|---|---|---|---|---|---|---|---|---|---|---|
| Libros del s. XIX | Biblioteca del Ateneo de Madrid | Biblioteca del Ateneo de Madrid | Sala Pecera Planta 3 | 17/01/2008 | G-9520 | 1162377 | 23/02/2023 | 23/02/2023 | Libro impreso antiguo |
